Fúzie a akvizície vo vybranom odvetví diplomová práca

Guardado en:
Detalles Bibliográficos
Autor principal: Šebeň, Martin
Autor Corporativo: Obchodná fakulta EU. Katedra medzinárodného obchodu
Otros Autores: Pásztorová, Janka, 1960-
Formato: Libro
Lenguaje:eslovaco
Publicado: Bratislava 2022
Etiquetas: Agregar Etiqueta
Sin Etiquetas, Sea el primero en etiquetar este registro!

MARC

LEADER 00000nbm a2200000 4500
001 0284210
005 20230116114256.4
041 0 |a slo 
044 |a SK 
245 1 0 |a Fúzie a akvizície vo vybranom odvetví  |b diplomová práca  |c Martin Šebeň ; školiteľ: Janka Pásztorová 
264 1 |a Bratislava  |c 2022 
300 |a 60 s. 
100 1 |a Šebeň, Martin 
700 1 |a Pásztorová, Janka, 1960- 
710 2 |a Obchodná fakulta EU. Katedra medzinárodného obchodu